书目信息 |
| 书名: | Mom's Survival Guide | |
| 作者: | Susan Randol | |
| 分册号: | ||
| 分册名: | 出版地: | USA |
|
| 出版社: | Hearst Books | |
| 出版时间: | 2010 | |
| 页数: | 239p | |
| 开本: | 26cm | |
| 丛书名: | ||
| 中图分类号: | ||
| 科图分类号: | ||
| 其他分类号: | G78 | |
| 主题词: | ||
| 电子资源: | ||
| 000 | 00404nam0 2200157 450 | |
| 001 | 202012002514 | |
| 005 | 20121128111520.0 | |
| 008 | 12112801s | |
| 020 | @a9781588168047@c$16.95 | |
| 099 | @dG78@eS9641 | |
| 245 | 10 | @aMom's Survival Guide @cSusan Randol |
| 260 | 0 | @aUSA@bHearst Books@c2010 |
| 300 | @a239p@c26cm | |
| 905 | @b13099-100 | |
| 905 | @dG78@eS9641 | |
| 905 | @aTSG@dG78@eS9641 | |
| Mom's Survival Guide / Susan Randol.-USA : Hearst Books , 2010 |
| 239p ; 26cm |
| ISBN 9781588168047$16.95 |
| ● |
| 相关链接 |
|
|
|
正题名:Mom's Survival Guide
索取号:G78/S9641
 
预约/预借
| 序号 | 登录号 | 条形码 | 馆藏地/架位号 | 状态 | 备注 |
| 1 | 13099 | 300130999 | 社科库409/409社科库 119排3列6层/ [索取号:G78/S9641] | 在馆 | |
| 2 | 13100 | 300131006 | 社科库409/409社科库 119排3列6层/ [索取号:G78/S9641] | 在馆 |